Datum a čas kvízu
25
Celkem bodů
Celkový počet nahraných bodů na tomto kvízu bez doplňovacích otázek.
6.
Pořadí na kvízu
Konečné umístění týmu na tomto kvízu.
Zaznamenané odpovědi
| # | Otázka | Odpověď | Body | Výsledky |
|---|---|---|---|---|
| 1. | Ve středu jmenovala vláda Víta... | GIBS (Generální inspekce bezpečnostních sborů) | 0 | |
| 2. | Ve kterém evropském hlavním mě... | v Kyjevě | 1 | |
| 3. | 23 dní před letošním vyhlášení... | Daniela Kolářová | 0 | |
| 4. | Česká národní banka minulý týd... | posílat peníze na telefonní číslo | 0 | |
| 5. | Ve středu byl vyřazen z letošn... | Karviná | 1 | |
| 6. | Podle některých statistik obýv... | zmije | 0 | |
| 7. | Mezi člověku velmi nebezpečná... | A | 0 | |
| 8. | Sloni afričtí každoročně zabij... | Zoo Dvůr Králové a Zoo Zlín (Lešná) | 0.5 | |
| 9. | Nebezpečným zvířetem, s nímž s... | medvěd brtník | 0 | |
| 10. | Jedním z nejnebezpečnějších ve... | 4 prsty | 0 |